Schweiz A-Z - Statistiken

Allgemein
  • Dieses Quiz wurde 11.263 mal gespielt
  • Das Durchschnittsergebnis liegt bei 17 aus 26
Antwortstatistiken
Hinweis Antwort % Korrekt
B Hauptstadt Bern
100%
A Grösste Bergkette Alpen
96%
Z Bevölkerungsreichste Stadt Zürich
92%
I Eine Amtssprache Italienisch
89%
J Alpine Form des Singens Jodeln
89%
N Position der Schweiz im 2. Weltkrieg Neutral
89%
F Gericht aus geschmolzenem Käse Fondue
88%
G Französischsprechende Stadt und Namensgeberin eines Sees Genf
87%
H Mädchen, das Ziegen hütet Heidi
86%
T Er schoss einen Apfel vom Kopf seines Sohnes: Wilhelm ____ Tell
82%
M Berühmtester Berg der A Matterhorn
79%
S "Schweiz" in einer anderen Landessprache Suisse / Svizzera / Svizra
72%
Q Wertvolles Mineral, das zur Herstellung von Uhren gebraucht wird Quarz
70%
Y Fussballteam aus B Young Boys
65%
R Humanitäre Organisation, gegründet 1863 Rotes Kreuz
63%
D Skiresort und Ort des World Economic Forum Davos
61%
O Sportevent, das seinen Hauptsitz in der Schweiz hat Olympische Spiele
61%
C Zweitgrösste Bank Credit Suisse
58%
L Einzige Schweizer Stadt mit einer U-Bahn Lausanne
58%
U Wichtigste Bank (Initialen) UBS
57%
K Expressionistischer Maler: Paul ____ Klee
47%
V Französischer Name für das Wallis Valais
41%
W L ist der Hauptort dieses Kantons Waadt
40%
X Fussballteam aus Neuenburg (Neuchâtel) Xamax
35%
E Physiker Leonhard Euler
30%
P Wissenschaftsfamilie Auguste und Jacques Piccard
15%
Keine übereinstimmenden Quizze gefunden
Verteilung der Resultate
Anzahl Personen mit jedem Resultat
Perzentil nach korrekt beantworteten Fragen
Ihre Resultats-Entwicklung
Sie haben dieses Quiz noch nicht gespielt